| 000 | 00403nam a2200157Ia 4500 | ||
|---|---|---|---|
| 008 | 230312s9999||||xx |||||||||||||| ||und|| | ||
| 020 | _a1-57169-025-5 | ||
| 082 |
_aCGS _bKAB-C |
||
| 100 | _aKabir Mohammed, J. | ||
| 245 | 0 | _aCGI Primer Plus For Windows | |
| 260 |
_bWaite Group Press _c1996 |
||
| 300 | _a662 | ||
| 546 | _aEng. | ||
| 650 |
_aComputer _vGetting Started , Elements of CGI |
||
| 942 | _cBK | ||
| 999 |
_c2863 _d2863 |
||